000 00435nam a2200145 a 4500
001 000033407
005 20200930070234.0
008 110826s20uu es 000 0 spa d
040 _aDO-SdBNP
_bspa
_cBNPHU
100 1 _aBlanco Fombona, R.
_958969
245 1 0 _aCancionero del amor infeliz /
_cR. Blanco Fombona.
260 _aMadrid :
_bEditorial América
_bBiblioteca Andrés Bello,
_c19?
300 _a165 p. ;
_c17 cm.
049 _aBNPD
999 _c32898
_d32898